000
00188 a2200097 4500
020
_a
0732714508
041
_a
spa
100
_a
Capellini, Mary
245
_a
Las huellas verdes
942
_c
BK
999
_c
31944
_d
31942